| Поле | Инд. | ПП | Название | Значение |
|---|---|---|---|---|
| Тип записи | a | |||
| Библиографический уровень | a | |||
| 001 | Контрольный номер | c3e536c741734197bc9b3522700467d7 | ||
| 005 | Дата корректировки | 20190127081242.4 | ||
| 100 | a | Данные общей обработки | 20181224 ||| 0rusy0189 ca | |
| 101 | 0_ | a | Язык текста | rus |
| 102 | a | Страна публикации | RU | |
| 200 | 1_ | f | Первые сведения об ответственности | А.В. Захаркина |
| a | Заглавие | Типичные ошибки использования конструкций факультативного и альтернативного обязательств, выявленные судебно-арбитражной практикой | ||
| b | Общее обозначение материала | Текст | ||
| 210 | 1_ | d | Дата издания | 2018 |
| 461 | _0 | 1 | 2000 | |
| a | Закон и право | |||
| 463 | _0 | 1 | 2000 | |
| a | № 11 | |||
| v | С. 42-44 | |||
| 1 | 2101 | |||
| d | 2018 | |||
| 1 | 00102a181e34e2b4cedb734f4fbd18719b4 | |||
| 606 | a | Основная рубрика | Гражданское и торговое право | |
| 610 | 0_ | a | Ключевые слова | ОБЯЗАТЕЛЬСТВО |
| 700 | _1 | a | Фамилия | Захаркина |
| b | Имя | А.В. | ||
| 801 | _0 | a | Страна | RU |
| b | Организация | РГУП | ||
| c | Дата составления | 20181224 | ||
| g | Правила каталогизации | PSBO | ||
| 801 | _1 | a | Страна | RU |
| b | Организация | РГУП | ||
| c | Дата составления | 20181224 | ||
| g | Правила каталогизации | PSBO | ||
| 901 | t | Тип документа | b | |
| w | Контрольный № источника | 02a181e34e2b4cedb734f4fbd18719b4 | ||
| 905 | a | Дата ввода | 20181224 |